| 000 | 00322nam a2200121Ia 4500 | ||
|---|---|---|---|
| 008 | 190216s9999||||xx |||||||||||||| ||und|| | ||
| 100 | _aAziz Ahmad | ||
| 245 | 0 | _aStudies In Islamic Culture In The Indian Environment | |
| 260 |
_bOxford University Press _c2000 |
||
| 300 | _a310p | ||
| 650 | _aIslamic Culture | ||
| 942 | _cBK | ||
| 999 |
_c18852 _d18852 |
||